| 000 | 00657nam a2200241Ia 4500 | ||
|---|---|---|---|
| 005 | 20230601114346.0 | ||
| 008 | 140110s9999 xx 000 0 und d | ||
| 020 |
_a9780415238540 _cRs.595.00 |
||
| 040 | _aLoreto College | ||
| 041 | _aEnglish | ||
| 082 |
_a337 _bWAT |
||
| 100 | _aWaters,Malcolm | ||
| 245 |
_aGlobalization _cMalcolm Waters |
||
| 250 | _a2nd ed. | ||
| 260 |
_aLondon _bRoutledge _c1995 |
||
| 300 | _axix,247p | ||
| 504 | _aIncludes bibliographical references and index | ||
| 630 | _aInternational economic relations-Social aspects | ||
| 650 | _aCultural relations | ||
| 651 | _aGlobalization | ||
| 850 | _aLCLIB | ||
| 942 | _cBK | ||
| 999 |
_c37667 _d88146 |
||